|
|
|
|
| LEADER |
01036pam a22002658a 4500 |
| 001 |
00038142 |
| 005 |
20171026081023.0 |
| 008 |
170515s2010 ||||||Viesd |
| 041 |
0 |
# |
|a Vie
|
| 082 |
1 |
4 |
|a 372.21
|b H561D
|
| 100 |
1 |
# |
|a Trần, Thị Ngọc Trâm
|
| 245 |
1 |
0 |
|a Hướng dẫn tổ chức thực hiện chương trình giáo dục mầm non
|b Mẫu giáo bé (3-4 tuổi)
|c Trần Thị Ngọc Trâm; Lê Thu Hương; Lê Thị Ánh Tuyết
|
| 260 |
# |
# |
|a Hà Nội
|b Giáo dục
|c 2010
|
| 300 |
# |
# |
|a 182 tr.
|c 29cm
|
| 653 |
# |
# |
|a Giáo dục
|
| 653 |
# |
# |
|a Mẫu giáo bé
|
| 653 |
# |
# |
|a Tổ chức
|
| 700 |
1 |
# |
|a Lê, Thu Hương
|
| 700 |
1 |
# |
|a Lê, Thị Ánh Tuyết
|
| 852 |
# |
# |
|b Kho mượn
|j KM.0021511, KM.0021464, KM.0023001
|
| 852 |
# |
# |
|b Kho đọc
|j KD.0020464
|
| 852 |
# |
# |
|j KD.0020464
|j KM.0021511
|j KM.0021464
|j KM.0023001
|j KM.0029913
|
| 910 |
|
|
|d 15/05/2017
|
| 980 |
# |
# |
|a Trung tâm Học liệu Lê Vũ Hùng, Trường Đại học Đồng Tháp
|